Statistiche per Elenca la formazione - Quiz n°37

Clicka qui per fare il quiz!

Statistiche generali

  • Questo quiz è stato fatto 14 volte
  • Il punteggio medio è 8 su 11

Statistiche sulle risposte

RuoloNazioneCalciatore% Corretto
DifensoreUruguayDiego Godín
100%
CentrocampistaSpagnaGabi
100%
PortiereBelgioThibaut Courtois
100%
AlaTurchiaArda Turan
93%
DifensoreBrasileMiranda
93%
AttaccanteColombiaRadamel Falcao
93%
DifensoreBrasileFilipe Luís
86%
DifensoreSpagnaJuanfran
79%
TrequartistaBrasileDiego
43%
CentrocampistaSpagnaMario Suárez
43%
AlaSpagnaAdrián Lopez
7%

Distribuzione punteggi

Percentile per numero di risposta

Percentuale di utenti per punteggio

I tuoi punteggi nel tempo

Non hai fatto questo quiz